00733nam a22002057a 4500003000200000005001700002008004100019050002200060100003200082245007700114260007100191300003200262500002200294504005800316650003100374650002300405650002500428650003800453650003600491020250130123737.0250130b xxu||||| |||| 00| 0 eng d aTX 773b.V55 2023 aVillanueva, James David A.  aFun.dee.salbfreshly bakes innovaive pandesalcJames David A. Villanueva aLas Pinas CitybSouthville International School and Collegesc2023 aunnumbered pages ; c28cm.  aEntrepreneurship. aIncludes bibliographical references and appendices.  aBaking—Business aspects. aPandesal—Baking. aBread—Innovations. aFood industry—Entrepreneurship. aSmall business—Food industry.